Statistics for Generation 1 Pokémon (Kanto Region)

Click here to take the quiz!

General Stats

  • This quiz has been taken 69 times
  • The average score is 112 of 151

Answer Stats

NumberTypeAnswer% Correct
#0009WaterBlastoise
95%
#0001Grass/PoisonBulbasaur
95%
#0006Fire/FlyingCharizard
95%
#0004FireCharmander
95%
#0005FireCharmeleon
95%
#0002Grass/PoisonIvysaur
95%
#0007WaterSquirtle
95%
#0003Grass/PoisonVenusaur
95%
#0008WaterWartortle
95%
#0015Bug/PoisonBeedrill
91%
#0012Bug/FlyingButterfree
91%
#0010BugCaterpie
91%
#0014Bug/PoisonKakuna
91%
#0011BugMetapod
91%
#0018Normal/FlyingPidgeot
91%
#0017Normal/FlyingPidgeotto
91%
#0016Normal/FlyingPidgey
91%
#0013Bug/PoisonWeedle
91%
#0149Dragon/FlyingDragonite
86%
#0055WaterGolduck
86%
#0068FightingMachamp
86%
#0067FightingMachoke
86%
#0054WaterPsyduck
86%
#0020NormalRaticate
86%
#0019NormalRattata
86%
#0063PsychicAbra
82%
#0065PsychicAlakazam
82%
#0036FairyClefable
82%
#0035FairyClefairy
82%
#0133NormalEevee
82%
#0022Normal/FlyingFearow
82%
#0136FireFlareon
82%
#0092GhostGastly
82%
#0094GhostGengar
82%
#0093GhostHaunter
82%
#0039Normal/FairyJigglypuff
82%
#0135ElectricJolteon
82%
#0066FightingMachop
82%
#0129WaterMagikarp
82%
#0081Electric/SteelMagnemite
82%
#0082Electric/SteelMagneton
82%
#0151PsychicMew
82%
#0150PsychicMewtwo
82%
#0034Poison/GroundNidoking
82%
#0031Poison/GroundNidoqueen
82%
#0029 | #0032PoisonNidoran
82%
#0025ElectricPikachu
82%
#0026ElectricRaichu
82%
#0112Ground/RockRhydon
82%
#0021Normal/FlyingSpearow
82%
#0134WaterVaporeon
82%
#0040Normal/FairyWigglytuff
82%
#0024PoisonArbok
77%
#0144Ice/FlyingArticuno
77%
#0148DragonDragonair
77%
#0147DragonDratini
77%
#0023PoisonEkans
77%
#0102Grass/PsychicExeggcute
77%
#0103Grass/PsychicExeggutor
77%
#0074Rock/GroundGeodude
77%
#0042Poison/FlyingGolbat
77%
#0076Rock/GroundGolem
77%
#0130Water/FlyingGyarados
77%
#0140Rock/WaterKabuto
77%
#0064PsychicKadabra
77%
#0109PoisonKoffing
77%
#0131Water/IceLapras
77%
#0146Fire/FlyingMoltres
77%
#0043Grass/PoisonOddish
77%
#0095Rock/GroundOnix
77%
#0111Ground/RockRhyhorn
77%
#0143NormalSnorlax
77%
#0110PoisonWeezing
77%
#0041Poison/FlyingZubat
77%
#0059FireArcanine
73%
#0125ElectricElectabuzz
73%
#0101ElectricElectrode
73%
#0044Grass/PoisonGloom
73%
#0075Rock/GroundGraveler
73%
#0088PoisonGrimer
73%
#0058FireGrowlithe
73%
#0141Rock/WaterKabutops
73%
#0126FireMagmar
73%
#0089PoisonMuk
73%
#0030PoisonNidorina
73%
#0033PoisonNidorino
73%
#0046Bug/GrassParas
73%
#0047Bug/GrassParasect
73%
#0060WaterPoliwag
73%
#0061WaterPoliwhirl
73%
#0062Water/FightingPoliwrath
73%
#0121Water/PsychicStarmie
73%
#0120WaterStaryu
73%
#0100ElectricVoltorb
73%
#0145Electric/FlyingZapdos
73%
#0142Rock/FlyingAerodactyl
68%
#0050GroundDiglett
68%
#0084Normal/FlyingDoduo
68%
#0051GroundDugtrio
68%
#0083Normal/FlyingFarfetch'd
68%
#0107FightingHitmonchan
68%
#0106FightingHitmonlee
68%
#0097PsychicHypno
68%
#0124Ice/PsychicJynx
68%
#0052NormalMeowth
68%
#0122Psychic/FairyMr. Mime
68%
#0038FireNinetales
68%
#0053NormalPersian
68%
#0077FirePonyta
68%
#0078FireRapidash
68%
#0123Bug/FlyingScyther
68%
#0114GrassTangela
68%
#0045Grass/PoisonVileplume
68%
#0037FireVulpix
68%
#0070Grass/PoisonWeepinbell
68%
#0069Grass/PoisonBellsprout
64%
#0113NormalChansey
64%
#0085Normal/FlyingDodrio
64%
#0096PsychicDrowzee
64%
#0056FightingMankey
64%
#0138Rock/WaterOmanyte
64%
#0139Rock/WaterOmastar
64%
#0127BugPinsir
64%
#0057FightingPrimeape
64%
#0086WaterSeel
64%
#0090WaterShellder
64%
#0072Water/PoisonTentacool
64%
#0073Water/PoisonTentacruel
64%
#0071Grass/PoisonVictreebel
64%
#0091Water/IceCloyster
59%
#0104GroundCubone
59%
#0087Water/IceDewgong
59%
#0118WaterGoldeen
59%
#0116WaterHorsea
59%
#0105GroundMarowak
59%
#0137NormalPorygon
59%
#0027GroundSandshrew
59%
#0028GroundSandslash
59%
#0117WaterSeadra
59%
#0119WaterSeaking
59%
#0128NormalTauros
59%
#0048Bug/PoisonVenonat
55%
#0132NormalDitto
50%
#0115NormalKangaskhan
50%
#0099WaterKingler
50%
#0098WaterKrabby
50%
#0080Water/PsychicSlowbro
50%
#0079Water/PsychicSlowpoke
50%
#0049Bug/PoisonVenomoth
50%
#0108NormalLickitung
45%

Score Distribution

Percentile by Number Answered

Percent of People with Each Score

Your Score History

You have not taken this quiz